000 00477nam a2200205Ia 4500
005 20240823015756.0
008 240823s9999||||xx |||||||||||||| ||und||
020 _a9812-53-157-2
041 _aENGLISH
082 _A339 P5
100 _aMiles David
245 0 _aMacroeconomics
250 _a2nd
260 _c2005
_b"John Wiley & Sons,New "
500 _aYES
650 _aEconomics
_bManagement Studies
700 _a Scott Andrew
942 _cBK
999 _c173210
_d173210